| 000 | 00587cam a2200241 4500 | ||
|---|---|---|---|
| 001 | B2985 | ||
| 008 | 090401t1990 xxu||||| |||| 00| 0 eng d | ||
| 035 | _a(Sirsi) u53390 | ||
| 041 | _aeng | ||
| 050 | _a711.552 | ||
| 110 | _aD.J. Freeman and Co | ||
| 245 | 4 | _aThe shopping centre business | |
| 260 |
_aLondon _bD.J. Freeman and Co _c1990 |
||
| 300 | _a24p. : ill. ; 30cm. | ||
| 350 | _a1.7 | ||
| 650 | _aLEASES | ||
| 650 | _aMANAGEMENT | ||
| 650 | _aSHOPPING CENTRES | ||
| 650 | _aTURNOVER RENTS | ||
| 710 |
_aGoddard and Smith _92297 |
||
| 942 | _n0 | ||
| 948 | _c04/03/1997 | ||
| 999 |
_c93260 _d93260 |
||